| 000 | 00810cam a2200241 4500 | ||
|---|---|---|---|
| 001 | J2706 | ||
| 008 | 090401t1994 xxu||||| |||| 00| 0 eng d | ||
| 035 | _a(Sirsi) u50689 | ||
| 041 | _aeng | ||
| 050 | _a692.8 | ||
| 090 | _aJCT 1994/15AC | ||
| 110 |
_aJoint Contracts Tribunal _93664 |
||
| 245 | _aGuide to terrorism cover: amendments: provisions in JCT forms on insurance of the works and of the existing structures and contents for physical loss or damage due to fire or explosion caused by terrorism. | ||
| 260 |
_aLondon _bRIBA Publications _c1994 |
||
| 300 | _a20p. ; 30cm. | ||
| 350 | _a0.8 | ||
| 650 | _aBUILT ENVIRONMENT-BUILDING CONTRACT FORMS | ||
| 650 | _aTC/94 | ||
| 650 | _aTERRORISM COVER | ||
| 690 | _aBUILT ENVIRONMENT-BUILDING CONTRACT FORMS | ||
| 942 | _n0 | ||
| 948 | _c04/03/1997 | ||
| 999 |
_c92737 _d92737 |
||